000 01573nam a2200409 a 4500
999 _c192281
_d192281
003 BLK
005 20250119004113.0
008 180411b bul|||||r ||||||| ||bul||
010 _aKNG00201465000
040 _aBLK
041 _aBUL
_cBUL
080 _aБългария през Първата световна война (1914-1918)
_b94(497.2)"1914/1918"
_z94(497.2)"1914/1918"
080 _aБългария през периода (1918-1939)
_b94(497.2)"1918/1939"
_z94(497.2)"1918/1939"
080 _aИстория на САЩ
_b973
_z973
100 1 _aМитев, Трендафил
_eпърви автор
_9379122
139 _aМитев, Трендафил
_bМ 70
245 1 0 _aМакедоно-българският централен комитет в САЩ 1918-1919
_cТрендафил Митев.
257 _aBGR
260 _aСофия
_bСв. Климент Охридски
_c1992
300 _a338 с.
_c20 см
380 _a9
500 _aОфс. изд.
650 4 _aЕмиграция, българска - в САЩ
_9256192
650 0 _aБългария - история
_9244493
650 4 _aСАЩ - история
_9262032
653 _aемиграция
653 _aБългария
653 _aСАЩ
653 _aистория
852 _aЦб 170127
_bЦб
856 4 _qpdf
_i0.00
_ldisable
856 4 _qpdf
_i0.00
_ldisable
942 _cKNG
_n0
_s1
944 _aCR
_c20.02.2017
_k
_lCRON CRON
944 _aED
_c20.02.2017
_kСтанимира_Цанева
999 _d192281